Word Ladder: Newspaper Growth? Quiz Stats

 Plays Quiz Updated Nov 17, 2016

Challenge
Share
Tweet
Embed
Score 0/20 Timer 03:00
2 Plays Today
Hint Word % Correct
___ Zealand or ___ Hampshire•NEW•
99.9%
UnhappySAD
99.1%
Lacking hairBALD
98.8%
Make with needle and threadSEW
98.6%
2004 horror movie or a cutting toolSAW
98.2%
Frigid, chilly, and frostyCOLD
98%
'The _____ News Bears'BAD
97.5%
Yellow part of an eggYOLK
96.8%
Thick typefaceBOLD
96.4%
'Person of the Year' magazineTIME
95.4%
Hint Word % Correct
Irish city or bottle stopperCORK
94.1%
27 of these would be $2.70DIME
94%
Another term for multiplication•TIMES•
92.5%
The 11th US president JamesPOLK
91.9%
Tall vertical barPOLE
91.6%
Electrical wireCORD
91.2%
Hemispherical roofDOME
90.5%
Not allSOME
90.1%
Basil Exposition portrayer Michael•YORK•
88.5%
The bottom of the only fish's shoe?SOLE
88.4%

Today's Daily Dose

You're not logged in!

Compare scores with friends on all Sporcle quizzes.
Join for Free
OR
Log In

You Might Also Like...

Show Comments

Extras

Top Quizzes Today


Score Distribution

Your Account Isn't Verified!

In order to create a playlist on Sporcle, you need to verify the email address you used during registration. Go to your Sporcle Settings to finish the process.

Report this User

Report this user for behavior that violates our Community Guidelines.

Details: